Science Quiz

Random Science or Letter Quiz

Fill in the Blank - Dogs Quiz Stats

 Plays Quiz Updated Aug 26, 2019

Score 0/30 Timer 03:00
3 Plays Today
% Correct
LAB
89.4%
WEI
89.1%
YOR
89.1%
BUL
88.8%
USK
88.5%
MAT
88%
BAS
86.7%
UAH
86.7%
MAS
84.9%
LOO
83.9%
BER
83.8%
EYH
83.6%
GHA
81.8%
OOD
81.5%
OLD
80.7%
% Correct
JAP
80.5%
KAN
80.3%
BOX
79.9%
SET
77.9%
PPE
72.8%
KIN
69.8%
AAP
68.3%
ITZ
64.3%
LUE
62.5%
VAN
58%
HTZ
58%
INU
57.2%
SCH
57.2%
NJI
44.7%
WAK
31.9%

You're not logged in!

Compare scores with friends on all Sporcle quizzes.
OR
Log In

Sporcle TV

Today on Sporcle TV


Watch our educational content, quiz creation guides, and fun videos on Sporcle TV.

Show Comments

Extras

Top Quizzes Today


Score Distribution

Your Account Isn't Verified!

In order to create a playlist on Sporcle, you need to verify the email address you used during registration. Go to your Sporcle Settings to finish the process.

Report this User

Report this user for behavior that violates our Community Guidelines.

Details: